书目信息 |
| 题名: |
奥运风云录
|
|
| 作者: | 刘晓非 | |
| 分册: | ||
| 出版信息: | 北京 清华大学出版社 2004 |
|
| 页数: | 300 | |
| 开本: | 20cm | |
| 丛书名: | ||
| 单 册: | ||
| 中图分类: | G811.2 | |
| 科图分类: | ||
| 主题词: | 体育事业--世界 | |
| 电子资源: | ||
| ISBN: | 7-302-09008-4 | |
| 000 | 00496nam0 2200181 450 | |
| 001 | 0736480453 | |
| 005 | 20070817100800.46 | |
| 010 | @a7-302-09008-4@d¥24.00 | |
| 100 | @a20070817d km y0chiy0120 ea | |
| 101 | 0 | @achi |
| 200 | 1 | @a奥运风云录@Aao yun feng yun lu@f刘晓非@Fliu xiao fei |
| 210 | @a北京@c清华大学出版社@d2004 | |
| 215 | @a300@d20cm | |
| 606 | 0 | @a体育事业@x世界 |
| 690 | @aG811.2@v3 | |
| 701 | 0 | @a刘晓非@Aliu xiao fei |
| 801 | 0 | @aCN@bPFT@c20070817 |
| 905 | @a213230@dG811.2@et38@f1 | |
| 奥运风云录/刘晓非.-北京:清华大学出版社,2004 |
| 300;20cm |
| ISBN 7-302-09008-4:¥24.00 |
| ● |
| 相关链接 |
|
|
|
|
正题名:奥运风云录
索取号:G811.2/t38
 
预约/预借
| 序号 | 登录号 | 条形码 | 馆藏地/架位号 | 状态 | 备注 |
| 1 | 6904087 | 269040879 | 密集书库-体育系/ [索取号:G811.2/t38] | 在馆 |